| 000 | 01295namaa22003131i 4500 | ||
|---|---|---|---|
| 005 | 20260519123611.0 | ||
| 008 | 260519s1995 ua a|||frm||| 000 0 eng d | ||
| 040 |
_aEG-GICUC _beng _cEG-GICUC _dEG-GICUC _erda |
||
| 041 | 0 |
_aeng _beng _bara |
|
| 049 | _aDeposit | ||
| 097 | _aM.Sc | ||
| 099 | _aCai01.11.31.M.Sc.1995.Us.e | ||
| 100 | 0 |
_aUsama Fahmey Ahmed Zahraan, _epreparation. |
|
| 245 | 1 | 0 |
_aEvaluation of Glomus Jugulare tumor by different radiographiv modalities / _cBy Usama Fahmey Ahmed Zahraan ; Supervision Dr. Mohammed Badawy El-Toukhy, Dr. Mohammed Mostafa Hamed |
| 246 | 1 | 5 | _aتقيم ورم الجلومس الدموي بطرق التصوير الطبي المختلفة |
| 264 | 0 | _c1995. | |
| 300 |
_a83 Leaves _billustrations _c30 cm. + |
||
| 336 |
_2rda content _atext |
||
| 337 |
_2rdamedia _aUnmediated |
||
| 338 |
_2rdacarrier _avolume |
||
| 502 | _aThesis (M.Sc.)-Cairo University, 1995 | ||
| 504 | _aBibliography: pages 67-83 | ||
| 653 | 0 | _aGlomus Jugulare tumor | |
| 700 | 0 |
_aMohammed Badawy El-Toukhy _ethesis advisor. |
|
| 700 | 0 |
_aMohammed Mostafa Hamed _ethesis advisor. |
|
| 900 |
_DDepartment of Radiology _FFaculty of Medicine _UCairo University _b1995 _c Mohammed Badawy El-Toukhy _cMohammed Mostafa Hamed |
||
| 905 | _aNehad | ||
| 942 |
_2ddc _cTH _e21 _n0 |
||
| 999 | _c180225 | ||